00744nam a2200193 a 450000100100000000500170001000800410002702000150006804000250008310000340010824501130014226000360025530000290029150000340032070000310035470000430038595201050042899900170053300003848020201002031256.0130412s1990 mx a 000 0 spa d a968451297X aDO-SdBNPbspacBNPHU1 aShigley, Joseph Edward96482510aTeoría de máquinas y mecanismos /cJoseph Edward, John Joseph Uicker ; traductor Hortensia C. de Contin. aMéxico :bMcgraw-Hill,c1990. a613 p. :bils. ;c21 cm. aTraducido del idioma inglés1 aUicker, John Joseph9648261 aContin, Hortensia C. de,etrad.964827 001050718MOaPDbPDcCTd2013-04-12iLF1l0o p38480-10r2020-06-25w2020-06-25y1ZNo se presta c37970d37970